Fiscal Adjustments in OECD Countries Composition and Macroeconomic Effects

Guardado en:
Detalles Bibliográficos
Autor principal: Alesina, Alberto
Otros Autores: Perotti, Roberto
Formato: Libro
Lenguaje:inglés
Publicado: Washington International Monetary Fund 1996
Edición:1. ed.
Colección:IMF Working Paper 70
Materias:
Etiquetas: Agregar Etiqueta
Sin Etiquetas, Sea el primero en etiquetar este registro!

MARC

LEADER 00000nam a2200000 4500
001 c017447
005 20221205125212.9
041 0 |a eng 
044 |a US 
245 1 0 |a Fiscal Adjustments in OECD Countries  |b Composition and Macroeconomic Effects  |c Alberto Alesina, Roberto Perotti 
250 |a 1. ed. 
264 1 |a Washington  |b International Monetary Fund  |c 1996 
300 |a 46 s. 
490 1 |a IMF Working Paper  |v 70 
830 0 |a IMF Working Paper  |v 70 
610 2 0 |a vyrovnanie daňové 
610 2 0 |a politika fiškálna 
610 2 0 |a efektívnosť ekonomická 
610 2 0 |a OECD 
610 2 0 |a makroekonomika 
100 1 |a Alesina, Alberto 
700 1 |a Perotti, Roberto